000 00731nam a2200229Ii 4500
003 JO-AjNU
008 230605s9999||||xx |||||||||||||| ||und||
017 _a12314
020 _a977-379-011-7
040 _aJO-AjNU
_bara
_erda
_cJO-AjNU
041 _aara
050 1 4 _aHF5438.4.S296.2008
100 3 _aالصيرفي، محمد,
_eauthor
_943909
245 0 0 _aادارة المبيعات
250 _aط1
264 3 1 _aالاسكندرية:دار الفكر الجامعي؛2008
300 _a371ص
_bيحتوي على ببلوغرافية من ص365-371ص
336 _atext
_btxt
_2rdacontent
337 _aunmediated
_bn
_2rdamedia
338 _avolume
_bnc
_2rdacarrier
650 4 _aادارة المبيعات
_943910
999 _aA18914
_c22482
_d22482